000 00325nam a22001337a 4500
008 241107b |||||||| |||| 00| 0 eng d
020 _a9780708899434
082 _a813.54 WHI
100 _aWhitehead Colson
245 _aThe Nickel Boys
260 _aIndia :
_bFLEET,
_c2019.
300 _ap. 211;
_c23.4 Cm.
942 _2ddc
999 _c10074
_d10075